[Event "Bydgoszcz Bank Pocztowy op"]
[Site "Bydgoszcz"]
[Date "1999.07.15"]
[Round "4"]
[White "Malaniuk, Vladimir P"]
[Black "Sulskis, Sarunas"]
[Result "1/2-1/2"]
[WhiteElo "2525"]
[BlackElo "2521"]
[PlyCount "82"]
[EventDate "1999.07.12"]
[Source "www.chesslib.no"]
[SourceDate "2004.05.04"]

1. d4 Nf6 2. Nf3 e6 3. e3 b6 4. Bd3 Bb7 5. O-O d5 6. b3 Bd6 7. Bb2 O-O 8. Ne5 c5 9. Nd2 Ne4 10. Bxe4 dxe4 11. Nec4 cxd4 12. Nxd6 Qxd6 13. Bxd4 e5 14. Nc4 Qe6 15. Nxe5 f6 16. Nc4 Ba6 17. Re1 Bxc4 18. bxc4 Qxc4 19. Qg4 Qc6 20. a4 Na6 21. h4 Rf7 22. c3 Re8 23. Qf5 Nc5 24. Bxc5 Re5 25. Qg4 Qxc5 26. Red1 Re8 27. Rd4 Qxc3 28. Rad1 Qc6 29. Rd8 Qxa4 30. R1d7 Qa1+ 31. Kh2 Qe5+ 32. g3 Rxd8 33. Rxd8+ Rf8 34. Rd7 f5 35. Qd1 h6 36. Rxa7 Kh7 37. Rd7 b5 38. Qb3 Rb8 39. Rd4 Qf6 40. Rb4 Qe5 41. Kg2 Qc5 1/2-1/2

[Event "5th Open"]
[Site "Dubai"]
[Date "2003.04.21"]
[Round "2"]
[White "El Gindy, Essam"]
[Black "Sargissian, Gabriel"]
[Result "0-1"]
[WhiteElo "2473"]
[BlackElo "2572"]
[PlyCount "56"]
[EventDate "2003.04.21"]
[Source "Roberto Alvarez"]
[SourceDate "2003.05.05"]

1. d4 Nf6 2. Nf3 e6 3. e3 d5 4. Bd3 c5 5. O-O Nbd7 6. b3 cxd4 7. exd4 b6 8. Nbd2 Bb7 9. Qe2 Be7 10. Bb2 O-O 11. a3 Qc7 12. Rfe1 Rfe8 13. Ne5 Nxe5 14. dxe5 Nd7 15. Qg4 Nc5 16. Bb5 Red8 17. Nf1 a6 18. Be2 d4 19. Bxd4 Ne4 20. c3 Nxc3 21. Bc4 h5 22. Qf4 Qc6 23. Ne3 g5 24. Qg3 Rxd4 25. Rac1 b5 26. Bf1 Rc8 27. Rc2 Qe4 28. h3 Qf4 0-1

[Event "Copenhagen op 17th"]
[Site "Copenhagen"]
[Date "1995.??.??"]
[Round "4"]
[White "Hansen, Lars Bo"]
[Black "Vescovi, Giovanni P"]
[Result "1-0"]
[WhiteElo "2580"]
[BlackElo "2465"]
[PlyCount "37"]
[EventDate "1995.06.??"]
[Source "ChessBase"]

1. d4 c5 2. e3 Nf6 3. Nf3 e6 4. Bd3 d5 5. O-O Nbd7 6. c3 Bd6 7. Nbd2 O-O 8. Re1 Qc7 9. e4 cxd4 10. cxd4 dxe4 11. Nxe4 Nxe4 12. Rxe4 b6 13. Qe2 Bb7 14. Rh4 g6 15. Bd2 Rac8 16. Qe3 Rfd8 17. Bxg6 fxg6 18. Qxe6+ Kg7 19. Rxh7+ 1-0

[Event "JUG-ch"]
[Site "Novi Sad"]
[Date "1985.??.??"]
[Round "?"]
[White "Marjanovic, Slavoljub"]
[Black "Popovic, Petar"]
[Result "1-0"]
[WhiteElo "2505"]
[BlackElo "2540"]
[PlyCount "79"]
[EventDate "1985.02.??"]
[Source "ChessBase"]

1. d4 Nf6 2. Nf3 e6 3. e3 c5 4. Nbd2 d5 5. c3 Nbd7 6. Bd3 Bd6 7. O-O O-O 8. Re1 b6 9. e4 dxe4 10. Nxe4 Be7 11. Qe2 cxd4 12. Nxd4 Bb7 13. Bg5 Bxe4 14. Bxe4 Nxe4 15. Nc6 Nxc3 16. Qc4 Rc8 17. Bxe7 Rxc6 18. Qxc6 Qxe7 19. Qxc3 Nf6 20. Rad1 h6 21. h3 Qb7 22. Rd3 Rc8 23. Qe5 Nd5 24. f4 Ne7 25. Qe4 Qa6 26. Ra3 Qb5 27. Rxa7 Nd5 28. Kh2 Qc5 29. f5 b5 30. Ra3 b4 31. Rf3 Nf6 32. Qe5 exf5 33. Qxf5 Qc6 34. Kh1 Ra8 35. a3 bxa3 36. Rxa3 Rb8 37. Rc3 Qb7 38. Rec1 Qxb2 39. Rc8+ Ne8 40. Re1 1-0

[Event "It (cat.7)"]
[Site "Alushta (Ukraine)"]
[Date "2007.06.04"]
[Round "3"]
[White "Malaniuk Vladimir P (UKR)"]
[Black "Shishkin Vadim (UKR)"]
[Result "0-1"]
[WhiteElo "2529"]
[BlackElo "2515"]
[PlyCount "60"]
[EventDate "2007.??.??"]
[Source "www.chesslib.no"]
[SourceDate "2004.05.04"]

1. d4 Nf6 2. Nf3 d5 3. e3 e6 4. Bd3 c5 5. b3 Bd6 6. Bb2 O-O 7. Nbd2 Nc6 8. c4 cxd4 9. exd4 dxc4 10. bxc4 e5 11. dxe5 Bxe5 12. Nxe5 Nxe5 13. Bxe5 Qxd3 14. Qb3 Qf5 15. f4 Ng4 16. O-O Nxe5 17. fxe5 Qxe5 18. Rae1 Qc5+ 19. Kh1 b6 20. Ne4 Qc6 21. Qg3 Qg6 22. Qxg6 hxg6 23. c5 f5 24. Nd6 bxc5 25. Re7 Ba6 26. Rd1 Rad8 27. h3 Rf6 28. Re8+ Rxe8 29. Nxe8 Rc6 30. Kg1 Kf7 0-1

[Event "Camp. open cittadino"]
[Site "Parigi FRA"]
[Date "2008.07.03"]
[Round "6"]
[White "Payen, Ar"]
[Black "Fedorchuk, S."]
[Result "1/2-1/2"]
[WhiteElo "2372"]
[BlackElo "2671"]
[PlyCount "78"]
[EventDate "2008.06.28"]
[Source "www.chesslib.no"]
[SourceDate "2004.05.04"]

1. d4 Nf6 2. Nf3 e6 3. e3 b6 4. Bd3 Bb7 5. O-O d5 6. Ne5 c5 7. b3 Nc6 8. Bb2 Bd6 9. Nd2 O-O 10. f4 Qc7 11. Nxc6 Qxc6 12. dxc5 d4 13. Qe2 bxc5 14. exd4 Nd5 15. Ne4 c4 16. bxc4 Nxf4 17. Qd2 Nxd3 18. cxd3 Be7 19. Rf2 Rad8 20. Kh1 h6 21. Re1 Bh4 22. Ng3 Rd7 23. Qf4 Bg5 24. Qe5 Qc7 25. Qxc7 Rxc7 26. Ne4 Bh4 27. g3 Be7 28. Kg1 Rd7 29. Bc3 Rc8 30. Rb2 Bc6 31. Kf2 f5 32. Nd2 Kf7 33. Nf3 Bxf3 34. Kxf3 Bf6 35. Reb1 Rcc7 36. Ke3 Bg5+ 37. Ke2 Bf6 38. Ke3 Bg5+ 39. Ke2 Bf6 1/2-1/2

[Event "JUG-ch 55th"]
[Site "Subotica"]
[Date "2000.03.30"]
[Round "12"]
[White "Kosic, Dragan"]
[Black "Drasko, Milan"]
[Result "1-0"]
[WhiteElo "2521"]
[BlackElo "2520"]
[PlyCount "123"]
[EventDate "2000.03.16"]
[Source "ChessBase"]
[SourceDate "2000.05.31"]

1. d4 e6 2. Nf3 Nf6 3. e3 b6 4. Bd3 Bb7 5. O-O d5 6. b3 Bd6 7. Bb2 O-O 8. c4 Nbd7 9. Nc3 a6 10. Qc2 c5 11. cxd5 exd5 12. Bf5 Re8 13. Rfd1 c4 14. bxc4 dxc4 15. e4 g6 16. Bxd7 Nxd7 17. Re1 b5 18. a3 Bf8 19. Rad1 Bg7 20. e5 Qb6 21. Ne4 Bd5 22. Bc3 Qc6 23. Nd6 Re6 24. Ng5 Rxd6 25. exd6 Qxd6 26. Bb4 Qc6 27. Qd2 Nf8 28. Qf4 a5 29. Bc3 Qb7 30. Rb1 Ne6 31. Qh4 h6 32. Nxe6 fxe6 33. Qg3 Kh7 34. h4 Qb6 35. Rb2 Rf8 36. Qe3 Rf5 37. Qd2 Bf6 38. Reb1 Be4 39. Re1 Bd5 40. g3 Rf3 41. Re3 Rf5 42. Bxa5 Qc6 43. a4 bxa4 44. Rb6 Qd7 45. Bb4 Bc6 46. Bc3 Qd5 47. f3 Bd8 48. Rxc6 Qxc6 49. Qe2 Qd5 50. Kg2 g5 51. hxg5 hxg5 52. g4 Rf4 53. Re5 Qb7 54. Kf2 Qf7 55. Kg2 a3 56. Rxe6 Rxf3 57. Qe4+ Kg8 58. Re8+ Kg7 59. Rxd8 Rxc3 60. Qe5+ Kg6 61. Rd6+ Kh7 62. Qh2+ 1-0

[Event "Vitrobud Open"]
[Site "Sandomierz"]
[Date "1976.??.??"]
[Round "8"]
[White "Sydor, Andrzej"]
[Black "Smejkal, Jan"]
[Result "1/2-1/2"]
[WhiteElo "2425"]
[BlackElo "2615"]
[PlyCount "113"]
[EventDate "1976.??.??"]
[Source "www.chesslib.no"]
[SourceDate "2004.05.04"]

1. d4 e6 2. Nf3 c5 3. c3 Nc6 4. e3 Nf6 5. Nbd2 d5 6. Bd3 Be7 7. O-O O-O 8. Qe2 b6 9. dxc5 bxc5 10. e4 Qc7 11. Re1 Bb7 12. e5 Nd7 13. Nf1 Rae8 14. Bf4 c4 15. Bc2 Qb6 16. Rad1 f6 17. exf6 Bxf6 18. Bd6 Rf7 19. Ne3 Ne7 20. Bg3 Nc5 21. Ng4 Ng6 22. Bxg6 hxg6 23. Nge5 Bxe5 24. Nxe5 Rf5 25. Nxg6 Nd3 26. Rf1 e5 27. Nh4 Rf7 28. b3 Nf4 29. Bxf4 Rxf4 30. Nf3 cxb3 31. axb3 Ba6 32. Qd2 Bxf1 33. Qxd5+ Qe6 34. Qxe6+ Rxe6 35. Kxf1 Ref6 36. Rd8+ Kh7 37. Re8 e4 38. Rxe4 Rxe4 39. Ng5+ Kg6 40. Nxe4 Ra6 41. Ke2 Ra2+ 42. Ke3 a5 43. Nd2 Kf5 44. f3 Ra3 45. g4+ Kg5 46. Kd3 Kf4 47. h4 Ra1 48. h5 a4 49. bxa4 Rxa4 50. c4 Ra3+ 51. Kd4 Ra2 52. Ne4 Kxf3 53. g5 Rh2 54. h6 gxh6 55. gxh6 Rh4 56. c5 Rxe4+ 57. Kd5 1/2-1/2

[Event "St. Ingbert-Koblenz"]
[Site "?"]
[Date "2000.??.??"]
[Round "4"]
[White "Dizdar Goran"]
[Black "Bauer Christian"]
[Result "1-0"]
[WhiteElo "2519"]
[BlackElo "2517"]
[PlyCount "81"]
[EventDate "2000.??.??"]
[Source "www.chesslib.no"]
[SourceDate "2004.05.04"]

1. d4 e6 2. Nf3 c5 3. e3 Nf6 4. Bd3 Nc6 5. O-O d5 6. b3 Be7 7. Bb2 O-O 8. Nbd2 b6 9. Ne5 Bb7 10. f4 Rc8 11. a3 a6 12. Qe2 b5 13. dxc5 Bxc5 14. b4 Be7 15. Nb3 Nxe5 16. Bxe5 g6 17. Bd4 Nd7 18. Qg4 f5 19. Qe2 Qc7 20. h3 Bd6 21. c3 e5 22. fxe5 Bxe5 23. a4 bxa4 24. Rxa4 Bxd4 25. cxd4 Nb6 26. Ra5 Rce8 27. Qf2 Qc3 28. Nc5 Bc8 29. Qe1 Qxe1 30. Rxe1 f4 31. Bxa6 Bxa6 32. Rxa6 Nc4 33. Nd7 fxe3 34. Nxf8 Rxf8 35. b5 Rb8 36. b6 Nxb6 37. Rxe3 Nc4 38. Re7 Nd2 39. Rea7 Rb1+ 40. Kf2 Ne4+ 41. Ke3 1-0